Statistics for County Seats of Utah

Click here to take the quiz!

General Stats

  • This quiz has been taken 158 times
  • The average score is 14 of 29

Answer Stats

CountyCounty Seat% Correct
WeberOgden
90%
UtahProvo
86%
Salt LakeSalt Lake City
86%
WashingtonSt. George
76%
BeaverBeaver
69%
CacheLogan
69%
GrandMoab
69%
TooeleTooele
62%
DuchesneDuchesne
57%
MorganMorgan
53%
SevierRichfield
52%
UintahVernal
48%
MillardFillmore
47%
Box ElderBrigham City
45%
San JuanMonticello
43%
CarbonPrice
43%
KaneKanab
41%
DaggettManila
41%
DavisFarmington
40%
JuabNephi
40%
GarfieldPanguitch
38%
IronParowan
38%
WasatchHeber City
36%
SummitCoalville
33%
SanpeteManti
33%
EmeryCastle Dale
29%
WayneLoa
28%
RichRandolph
28%
PiuteJunction
24%

Score Distribution

Percentile by Number Answered

Percent of People with Each Score

Your Score History

You have not taken this quiz